000 00618nam a22002057a 4500
008 151022b xxu||||| |||| 00| 0 eng d
020 _a0314934391
041 0 _aeng
080 _a001.8
100 1 _aPeterson, Brent D.
245 1 4 _aThe complete speaker :
_cBrent D. Peterson, Eric G. Stephan, Noel D. White.
250 _a3rd ed.
260 _aSt. Paul :
_bWest Pub. Co.,
_c1992.
300 _axix, 359 f. :
_bme il.;
_c26 cm.
650 0 _aTë folurit publik
700 1 _aStephan, Eric G.
700 1 _aWhite, Noel D.
700 1 _aPeterson, Brent D.
942 _2udc
_cBK
999 _c1337
_d1337